000 00623nam a2200217Ii 4500
003 JO-AjNU
008 230605s9999||||xx |||||||||||||| ||und||
017 _a1998/4/536
040 _aJO-AjNU
_bara
_erda
_cJO-AjNU
041 _aara
050 1 4 _aPJ7808.A2177.A17 1998
100 3 _aابو الشعر، روضة ,
_eauthor
_957577
245 0 0 _aغابة الاحتراق
250 _aط1
264 3 1 _aد.م: د.ن، 1998
300 _a92ص
336 _atext
_btxt
_2rdacontent
337 _aunmediated
_bn
_2rdamedia
338 _avolume
_bnc
_2rdacarrier
650 4 _aالادب-الشعر العربي
_957578
999 _aA25811
_c29379
_d29379